<?xml version="1.0" encoding="UTF-8"?>
<record
    xmlns:xsi="http://www.w3.org/2001/XMLSchema-instance"
    xsi:schemaLocation="http://www.loc.gov/MARC21/slim http://www.loc.gov/standards/marcxml/schema/MARC21slim.xsd"
    xmlns="http://www.loc.gov/MARC21/slim">

  <leader>02263nam a22001577a 4500</leader>
  <datafield tag="082" ind1=" " ind2=" ">
    <subfield code="a">610</subfield>
  </datafield>
  <datafield tag="100" ind1=" " ind2=" ">
    <subfield code="a">Shahid ,Eman </subfield>
    <subfield code="9">126003</subfield>
  </datafield>
  <datafield tag="245" ind1=" " ind2=" ">
    <subfield code="a">Silymarin silver nanoparticles loaded biomimetic coating for titanium implants /</subfield>
    <subfield code="c">Eman Shahid</subfield>
  </datafield>
  <datafield tag="264" ind1=" " ind2=" ">
    <subfield code="a">Islamabad:</subfield>
    <subfield code="b"> SMME- NUST. </subfield>
    <subfield code="c">2024.</subfield>
  </datafield>
  <datafield tag="300" ind1=" " ind2=" ">
    <subfield code="a">79p. ;</subfield>
    <subfield code="b">Soft Copy, </subfield>
    <subfield code="c">30cm.</subfield>
  </datafield>
  <datafield tag="500" ind1=" " ind2=" ">
    <subfield code="a">Titanium is most frequently utilized for making orthopedic and orthodontic implants.
Titanium implants are most extensively used because of their anti-corrosive properties,
having high success rate. Despite high success rate, there still are number of cases in which
implant rejection is observed. Surface modification techniques for improving surface
properties, surface roughness and their interaction with biological environment has been
explored to overcome the risk of implant associated infections. This research aims at
designing a silymarin silver nanoparticles loaded biomimetic coating for titanium implants
which results in implants having improved anti-biofilm activity, improved osseointegration
and biocompatibility. Green synthesis approach is employed for silver nanoparticles
synthesis using Silybum marianum L. plant extract, which is rich in free hydroxyl groups
which can reduce Ag+ ions into Ag nanoparticles. Titanium implants are bio-inert they
cannot interact with the bone to form a bond that limits their osseointegration. Bone like
apatite coating on the titanium surface is being explored for improving osseointegration
potential of the surface. The potential of silymarin as a reducing agent is confirmed by the
UV spectrometry, XRD, FTIR, SEM and zeta potential analysis of silver nanoparticle.
Anti-biofilm crystal violet assay confirmed the anti-biofilm potential of the coated titanium
discs. SEM analysis showed uniform coating of calcium phosphate and silver nanoparticles
on the titanium surface. Decrease in contact angle of the coated titanium disc confirmed
increase in the hydrophilicity of the titanium disc, which denotes increase in the
osseointegration of titanium discs. </subfield>
  </datafield>
  <datafield tag="650" ind1=" " ind2=" ">
    <subfield code="a">MS Biomedical Sciences (BMS)   </subfield>
  </datafield>
  <datafield tag="700" ind1=" " ind2=" ">
    <subfield code="a">Supervisor: Dr. Nosheen Fatima Rana</subfield>
  </datafield>
  <datafield tag="856" ind1=" " ind2=" ">
    <subfield code="u">http://10.250.8.41:8080/xmlui/handle/123456789/46684</subfield>
  </datafield>
  <datafield tag="942" ind1=" " ind2=" ">
    <subfield code="2">ddc</subfield>
    <subfield code="c">THE</subfield>
  </datafield>
  <datafield tag="999" ind1=" " ind2=" ">
    <subfield code="c">611747</subfield>
    <subfield code="d">611747</subfield>
  </datafield>
  <datafield tag="952" ind1=" " ind2=" ">
    <subfield code="0">0</subfield>
    <subfield code="1">0</subfield>
    <subfield code="4">0</subfield>
    <subfield code="7">0</subfield>
    <subfield code="a">SMME</subfield>
    <subfield code="b">SMME</subfield>
    <subfield code="c">EB</subfield>
    <subfield code="d">2024-09-23</subfield>
    <subfield code="l">0</subfield>
    <subfield code="o">610</subfield>
    <subfield code="p">SMME-TH-1068</subfield>
    <subfield code="r">2024-09-23</subfield>
    <subfield code="w">2024-09-23</subfield>
    <subfield code="y">THE</subfield>
  </datafield>
</record>
